| 000 | 00700nam a2200133Ia 4500 | ||
|---|---|---|---|
| 008 | 160809s9999 xx 000 0 und d | ||
| 100 | _aElder, Greg J. | ||
| 245 | _aAssessing the daily stability of the cortisol awakening response in a controlled environment | ||
| 245 | _cGreg J. Elder, Jason G. Ellis, Nicola L. Barclay and Mark A. Wetherell. | ||
| 260 | _bBMC Psychology | ||
| 260 | _c28 January 2016 | ||
| 650 | _xPSYCHOLOGY | ||
| 856 | _uhttp://download.springer.com/static/pdf/835/art%253A10.1186%252Fs40359-016-0107-6.pdf?originUrl=http%3A%2F%2Fbmcpsychology.biomedcentral.com%2Farticle%2F10.1186%2Fs40359-016-0107-6&token2=exp=1469412287~acl=%2Fstatic%2Fpdf%2F835%2Fart%25253A10.1186%25252F | ||
| 999 |
_c300222 _d300222 |
||